| 000 | 00638nam a2200241Ia 4500 | ||
|---|---|---|---|
| 003 | OSt | ||
| 005 | 20221005122008.0 | ||
| 006 | a|||||r|||| 00| 0 | ||
| 007 | ta | ||
| 008 | 221004b |||||||| |||| 00| 0 eng d | ||
| 024 | _a57291 | ||
| 037 | _cTextual | ||
| 040 |
_aCRL _cCRL _beng |
||
| 041 |
_2eng _aeng |
||
| 082 | _aV2:11:N1, E5 | ||
| 110 |
_aIndia, Governor General in Council _9631337 |
||
| 245 | 0 | _aIndian local self-government policy 1915 | |
| 260 | _c1915 | ||
| 650 | _aHISTORY | ||
| 700 |
_aIndia, Governor General in Council _9631338 |
||
| 942 |
_hV2:11:N1, E5 _cTEXL _2cc |
||
| 999 |
_c1042942 _d1042942 |
||